Bharatiya sarkar aru rajniti (Record no. 8682)

MARC details
000 -LEADER
fixed length control field 00615cam a2200229ua 4500
008 - FIXED-LENGTH DATA ELEMENTS--GENERAL INFORMATION
fixed length control field 160316n ii |||gr||||Z||||||asm
020 ## - INTERNATIONAL STANDARD BOOK NUMBER
International Standard Book Number 9789384303570
040 ## - CATALOGING SOURCE
Transcribing agency MAIN
041 ## - LANGUAGE CODE
-- asm
082 ## - DEWEY DECIMAL CLASSIFICATION NUMBER
Classification number 320.954
100 ## - MAIN ENTRY--PERSONAL NAME
Personal name Katoni, Padmeswar,
Relator term
245 1# - TITLE STATEMENT
Title Bharatiya sarkar aru rajniti
Statement of responsibility, etc. by Padmeswar Katoni
250 ## - EDITION STATEMENT
Edition statement 1st ed.
260 ## - PUBLICATION, DISTRIBUTION, ETC.
Place of publication, distribution, etc. Dibrugarh:
Name of publisher, distributor, etc. Mahaveer publications,
Date of publication, distribution, etc. 2016.
300 ## - PHYSICAL DESCRIPTION
Extent 220p.
700 1# - ADDED ENTRY--PERSONAL NAME
Personal name Bordoloi, Plabita,
Relator term
700 ## - ADDED ENTRY--PERSONAL NAME
Personal name Borah, Pranjal,
Relator term
942 ## - ADDED ENTRY ELEMENTS (KOHA)
Koha item type Books
653 ## - INDEX TERM--UNCONTROLLED
Uncontrolled term Political science
653 ## - INDEX TERM--UNCONTROLLED
Uncontrolled term Indian government and politics
Holdings
Withdrawn status Lost status Damaged status Not for loan Home library Current library Shelving location Date acquired Total Checkouts Full call number Barcode Date last seen Date last checked out Copy number Price effective from Koha item type
        Central Library, Naharkatiya College Central Library, Naharkatiya College General Stacks 19/09/2020 2 320.954Indian government and politics | KAT 23231 30/08/2022 17/08/2022 3 19/09/2020 Books
        Central Library, Naharkatiya College Central Library, Naharkatiya College General Stacks 19/09/2020 3 320.954Indian government and politics | KAT 23232 13/03/2026 20/02/2026 2 19/09/2020 Books
        Central Library, Naharkatiya College Central Library, Naharkatiya College General Stacks 19/09/2020 3 320.954Indian government and politics | KAT 23233 14/06/2025 31/05/2025 1 19/09/2020 Books

Naharkatiya College © 2020. All rights reserved.

Powered By